| 000 | 00821nam a2200253Ia 4500 | ||
|---|---|---|---|
| 003 | OSt | ||
| 005 | 20221005061713.0 | ||
| 006 | a|||||r|||| 00| 0 | ||
| 007 | ta | ||
| 008 | 221004b |||||||| |||| 00| 0 eng d | ||
| 020 |
_a9780367322076 (pbk) _cINR 1495.00 |
||
| 024 | _a68250 | ||
| 037 |
_b005, 13/12/2019, Excel Book International _cTextual |
||
| 040 |
_aCRL _cCRL _beng |
||
| 041 |
_2eng _aeng |
||
| 082 | _aY:1.247, Q9 | ||
| 100 |
_aPara Altaf Hussain Au. _9600939 |
||
| 245 | 0 |
_aMaking of modern Kashmir _b Sheikh Abdullah and the politics of the state |
|
| 260 |
_aLondon _bRoutledge UK _c2019 |
||
| 300 |
_ax,309p. _ccm. |
||
| 650 | _aKASHMIR - HISTORY | ||
| 942 |
_hY:1.247, Q9 _cTEXL _2cc |
||
| 999 |
_c968550 _d968550 |
||